Music Quiz

Random Music or Song Quiz
Score 0/150 Timer 20:00
0 Plays Today
Hint Answer % Correct
MomolandBboom Bboom
95.1%
Red VelvetBad Boy
91.3%
NCT DreamGo
91.3%
TwiceWhat is Love
90.3%
BTSFake Love
90.3%
So What (Non title track)BTS
90.3%
Airplane pt2 (Non title track)BTS
90.3%
On My Mind (Non title track)BTS
90.3%
Love Maze (Non title track)BTS
90.3%
Paradise (Non title track)BTS
90.3%
The Truth Untold (Non title track)BTS
90.3%
134340 (Non title track)BTS
90.3%
Just Dance (Non title track)Jhope
90.3%
Euphoria (Non title track)Jungkook
90.3%
EpiphanyJin
90.3%
Seesaw (Non title track)Suga
90.3%
iKONLove Scenario
89.3%
MomolandBaam
89.3%
(G)I-DLELatata
88.3%
BTSIDOL
88.3%
TWICEYes or Yes
88.3%
NCT UBoss
87.4%
See U Later (Non title track)Blackpink
87.4%
Forever Young (Non title track)Blackpink
87.4%
Stray KidsMy Pace
87.4%
(G)I-DLEHann
86.4%
ChunghaRollercoaster
85.4%
CLCBlack Dress
85.4%
EXO CBXBlooming Day
85.4%
BlackpinkDDU DU-DDU DU
85.4%
Red VelvetPower Up
85.4%
NCT DreamWe Go Up
85.4%
Stray KidsDistrict 9
84.5%
EXOTempo
84.5%
NCT 127Regular
83.5%
JennieSolo
83.5%
SeventeenThanks
82.5%
JBJMy Flower
80.6%
WinnerEveryday
79.6%
EXOLove Shot
79.6%
IZ*ONELa Vie en Rose
78.6%
JonghyunShinin
77.7%
SHINeeGood Evening
77.7%
Monsta XShoot Out
76.7%
IUBBIBBI
76.7%
NCT 127Simon Says
75.7%
Triple HRetro Future
74.8%
DeanInstagram
73.8%
SamuelOne
72.8%
MamamooEgotistic
72.8%
Hint Answer % Correct
Bad Dream (Non title track)EXO
71.8%
Oasis (Non title track)EXO
71.8%
Gravity (Non title track)EXO
71.8%
EXIDI Love You
70.9%
NCT 127Touch
68.9%
The RoseBaby
68.9%
NU'EST WDejavu
68%
InfiniteTell Me
67%
Weki MekiCrush
66%
BoAWoman
65%
TVXQThe Chance of Love
64.1%
IMFACTThe Light
64.1%
Wanna OneLight
64.1%
VIXXScentist
64.1%
Red VelvetRBB
64.1%
BoAOne Shot, Two Shot
63.1%
WJSNSave Me, Save You
63.1%
Baekhyun ft LocoYoung
63.1%
SHINeeI Want You
61.2%
GugudanNot That Type
61.2%
Fromis_9Love Bomb
61.2%
A.C.ETake Me Higher
60.2%
JiminApril Fools
59.2%
ATEEZPirate King
59.2%
Wanna OneSpring Breeze
58.3%
ASTROAlways You
57.3%
SF9Now or Never
57.3%
N/S (Non title track)Stray Kids
57.3%
Stray KidsGet Cool
56.3%
Stray KidsAwkward Silence
55.3%
HyolynSee Sea
50.5%
Produce 48Rumor
49.5%
VAVSenorita
49.5%
UNBFeeling
48.5%
GWSNPuzzle Moon
48.5%
APRILOh! My Mistake
48.5%
Maze (Non title track)(G)I-DLE
47.6%
Come Back (Non title track)NCT 127
47.6%
NU'EST WHelp Me
47.6%
The RoseShe's in the Rain
46.6%
IN2ITSorry for my English
44.7%
Stray KidsVoices
44.7%
The BoyzNo Air
44.7%
DonghanSunset
43.7%
Moonwalker (Non title track)Seventeen
41.7%
JBJ95Home
41.7%
Stray KidsGrrr
40.8%
VAVSpotlight
40.8%
ATEEZTreasure
40.8%
MXMDiamond Girl
39.8%
Hint Answer % Correct
K/DAPOP STARS
38.8%
Amber & LunaLower
37.9%
VAVGorgeous
36.9%
JBJCall Your Name
36.9%
Super Junior D&EBout You
35%
UP10TIONCandyland
32%
RainzTurn it up
31.1%
UNI.TI Mean
31.1%
HaloO.M.G
28.2%
Cross GeneTouch It
28.2%
Dessert (Non title track)A.C.E
28.2%
VarsityFlower
28.2%
SnuperTulips
27.2%
IMFACTNANANA
27.2%
24KBonnie & Clyde
26.2%
LaboumBetween Us
26.2%
MXMYA YA YA
26.2%
MyteenShe Bad
25.2%
The UnitQuestion
24.3%
The BoyzKeeper
24.3%
100%Heart
24.3%
Moonlight (Non title track)JBJ
23.3%
Trigger (Non title track)VIXX
23.3%
Escape (Non title track)VIXX
23.3%
VictonTime of Sorrow
23.3%
FTislandSummer Night's Dream
22.3%
BigfloUpside Down
22.3%
Stray KidsM.I.A
22.3%
DonghanGood Night Kiss
22.3%
Twilight (Non title track)ATEEZ
22.3%
Eric NamPotion
21.4%
UP10TIONBlue Rose
21.4%
Dilemo (Non title track)K.A.R.D
19.4%
Coogie ft Jay ParkJustin Bieber
18.4%
HyeongseopXEuiwoongLove Tint
13.6%
Jin LongguoClover
13.6%
Seven O'ClockNothing Better
13.6%
MXMKnock Knock
13.6%
The UnitAll Day
12.6%
MXMCheckmate
12.6%
PenomecoCoco Bottle
11.7%
UP10TIONSo Beautiful
11.7%
NTBDramatic
10.7%
WoodzDifferent
10.7%
Don't Stop Me Now (Non Title Track)MXM
10.7%
Jay ParkForget About Tomorrow
9.7%
The UnitDancing With the Devil
8.7%
MyteenMartian
8.7%
Universe (Non title track)Jin Longguo
8.7%
Stay (Non title tack)JBJ95
7.8%
Remove Ads.
Support Sporcle.
Get the best of Sporcle when you Go Orange. This ad-free experience offers more features, more stats, and more fun while also helping to support Sporcle. Thank you for becoming a member.

You're not logged in!

Compare scores with friends on all Sporcle quizzes.
OR
Log In

Show Comments

Extras

Created Dec 16, 2018ReportNominate
Tags:Kpop Quiz, Song Quiz, 2018

Top Quizzes Today


Score Distribution

Your Account Isn't Verified!

In order to create a playlist on Sporcle, you need to verify the email address you used during registration. Go to your Sporcle Settings to finish the process.

Report this User

Report this user for behavior that violates our Community Guidelines.

Details: